| 000 | 00671nam a22002177a 4500 | ||
|---|---|---|---|
| 008 | 150330b xxu||||| |||| 00| 0 eng d | ||
| 020 | _a9780071601436 | ||
| 041 | 0 | _aeng | |
| 080 | _a005 | ||
| 100 | _aHarts, Doug. | ||
| 245 | 1 | 0 |
_aMicrosoft SQL Server 2008 R2 analytics & data visualization / _cDoug Harts, Jim Dugan, Tricia Wilcox Almas. |
| 246 | 3 | 0 | _aR2 analytics & data visualization |
| 260 |
_aNew York : _bMcGraw-Hill, _c2011. |
||
| 300 |
_a545 f.: _bme il.; _c24 cm. |
||
| 505 | _aIndex: f.529-545 | ||
| 650 | 0 | _aTë dhënat e minierave | |
| 650 | 0 | _aGjuha programuese | |
| 700 | 1 |
_aDugan, Jim _q(Jim L.) |
|
| 700 | 1 | _aAlmas, Tricia Wilcox. | |
| 942 |
_2udc _cBK |
||
| 999 |
_c579 _d579 |
||